书目信息 |
| 题名: |
西洋文学通论
|
|
| 作者: | 茅盾 著 | |
| 分册: | ||
| 出版信息: | 上海 复旦大学出版社 2004 |
|
| 页数: | 201页 | |
| 开本: | 21cm | |
| 丛书名: | ||
| 单 册: | ||
| 中图分类: | I500.6 | |
| 科图分类: | ||
| 主题词: | 文学评论--西方国家 , 文学研究--西方国家 | |
| 电子资源: | ||
| ISBN: | 7-309-04093-7 | |
| 000 | 00694nam0 2200229 45 | |
| 001 | 002727610 | |
| 005 | 20050510150113.9 | |
| 010 | @a7-309-04093-7@dCNY12.00 | |
| 100 | @a20040618d2004 em y0chiy0110 ea | |
| 101 | 0 | @achi |
| 102 | @aCN@b310000 | |
| 105 | @ay z 000yy | |
| 200 | 1 | @a西洋文学通论@Axi yang wen xue tong lun@f茅盾著@FMao Dun Zhu |
| 210 | @a上海@c复旦大学出版社@d2004 | |
| 215 | @a201页@d21cm | |
| 330 | @a该书分为十一章,叙述了西洋文学进程中所经过的各阶段,勾勒出文学与社会发展的基本规律。 | |
| 606 | 0 | @a文学评论@y西方国家 |
| 606 | 0 | @a文学研究@y西方国家 |
| 690 | @aI500.6@v4 | |
| 701 | 0 | @a茅盾@4著 |
| 801 | 0 | @aCN@bNLC@c20041018 |
| 905 | @f4@b352773-776@dI500.6@e7≈2 | |
| 西洋文学通论/茅盾著.-上海:复旦大学出版社,2004 |
| 201页;21cm |
| ISBN 7-309-04093-7:CNY12.00 |
| 该书分为十一章,叙述了西洋文学进程中所经过的各阶段,勾勒出文学与社会发展的基本规律。 |
| ● |
| 相关链接 |
|
|
|
|
正题名:西洋文学通论
索取号:I500.6/7≈2
 
预约/预借
| 序号 | 登录号 | 条形码 | 馆藏地/架位号 | 状态 | 备注 |
| 1 | 0352773 | 3527730 | 第一样本阅览室/ [索取号:I500.6/7≈2] | 在馆 | |
| 2 | 0352774 | 3527749 | 第二借阅区/ [索取号:I500.6/7≈2] | 在馆 | |
| 3 | 0352775 | 3527758 | 第二借阅区/ [索取号:I500.6/7≈2] | 在馆 | |
| 4 | 0352776 | 3527767 | 第二借阅区/ [索取号:I500.6/7≈2] | 在馆 | |
| 5 | 0353706 | 3537060 | 第二借阅区/ [索取号:I500.6/7≈2] | 在馆 | |
| 6 | 0353707 | 3537079 | 第二借阅区/ [索取号:I500.6/7≈2] | 在馆 |